000 00401nam a2200181Ia 4500
005 20240823061828.0
008 240823s9999||||xx |||||||||||||| ||und||
041 _aENGLISH
082 _A823.8 Q4
100 _aSeshadri K G
245 2 _aA Prism of Plays
250 _a1st
260 _c2014
_bAnuradha Publica
500 _aYES
650 _aEnglish
_bEnglish
942 _cBK
999 _c234451
_d234451